Sports Quiz

Random Sports Quiz

Kentucky Derby Winners Quiz Stats

 Plays Quiz not verified by Sporcle

Challenge
Share
Tweet
Embed
Score 0/142 Timer 08:00
0 Plays Today
Year-Jockey Horse % Correct
2015-Victor Espinoza*American Pharoah
84%
1973-Ron Turcotte*Secretariat
76%
1978-Steve Cauthen*Affirmed
76%
2014-Victor EspinozaCalifornia Chrome
76%
1977-Jean Crugent*Seattle Slew
68%
2006-Edgar PradoBarbaro
68%
2012-Mario GutierrezI'll Have Another
68%
2013-Joel RosarioOrb
64%
2008-Kent DesormeauxBig Brown
60%
1937-Charley Kurtsinger*War Admiral
56%
2004-Stewart ElliottSmarty Jones
56%
2011-John VelazquezAnimal Kingdom
56%
2016-Mario GutierrezNyquist
55.6%
1955-Bill ShoemakerSwaps
52%
1997-Gary StevensSilver Charm
52%
1948-Eddie Arcaro*Citation
48%
1999-Chris AntleyCharismatic
48%
2002-Victor EspinozaWar Emblem
48%
2009-Calvin BorelMine That Bird
48%
1915-Joe NotterRegret
44%
1980-Jacinto VasquezGenuine Risk
44%
1981-Jorge VelasquezPleasant Colony
44%
1998-Kent DesormeauxReal Quiet
44%
2010-Calvin VorelSuper Saver
44%
1878-Jimmy CarterDay Star
40%
1930-Earl Sande*Gallant Fox
40%
1941-Eddie Arcaro*Whirlaway
40%
1953-Hank MorenoDark Star
40%
1956-David ErbNeedles
40%
1979-Ronnie FranklinSpectacular Bid
40%
1984-Laffit Pincay Jr. Swale
40%
1986-Bill ShoemakerFerdinand
40%
1988-Gary StevensWinning Colors
40%
2003-Jose SantosFunny Cide
40%
2005-Mike E. SmithGiacomo
40%
2007-Calvin BorelStreet Sense
40%
1875-Oliver LewisAristides
36%
1876-Bobby SwimVagrant
36%
1902-Jimmy WinkfieldAlan-a-Dale
36%
1913-Roscoe GooseDonerail
36%
1923-Earl SandeZev
36%
1935-Willie Saunders*Omaha
36%
1972-Ron TurcotteRiva Ridge
36%
1974-Angel Cordero Jr.Cannonade
36%
1976-Angel Cordero Jr.Bold Forbes
36%
1987-Chris McCarronAlysheba
36%
1907-Andy MinderPink Star
32%
1919-Johnny Loftus*Sir Barton
32%
Year-Jockey Horse % Correct
1943-Johnny Longden*Count Fleet
32%
1957-Bill HartackIron Liege
32%
1958-Ismael ValenzuelaTim Tam
32%
1964-Bill HartackNorthern Dancer
32%
1985-Angel Cordero Jr. Spend A Buck
32%
1990-Craig PerretUnbridled
32%
1993-Jerry BaileySea Hero
32%
2000-Kent DesormeauxFusaichi Pegasus
32%
1877-Billy WalkerBaden-Baden
28%
1881-Jim McLaughlinHindoo
28%
1920-Ted RicePaul Jones
28%
1922-Albert JohnsonMorvich
28%
1924-J.D. MooneyBlack Gold
28%
1952-Eddie ArcaroHill Gail
28%
1975-Jacinto VasquezFoolish Pleasure
28%
1982-Eddie DelahoussayeGato Del Sol
28%
1989-Pat ValenzuelaSunday Silence
28%
1880-George LewisFonso
24%
1882-Babe HurdApollo
24%
1890-Isaac MurphyRiley
24%
1914-John McCabeOld Rosebud
24%
1925-Earl SandeFlying Ebony
24%
1928-Chick LangReigh Count
24%
1929-Linus McAteeClyde Van Dusen
24%
1932-Eugene JamesBurgoo King
24%
1939-James StoutJohnstown
24%
1940-Carroll BiermanGallahadion
24%
1944-Conn McCrearyPensive
24%
1946-Warren Mehrtens*Assault
24%
1949-Steve BrooksPonder
24%
1951-Conn McCrearyCount Turf
24%
1954-Raymond YorkDetermine
24%
1960-Bill HartackVenetian Way
24%
1961-Johnny SellersCarry Back
24%
1962-Bill HartackDecidedly
24%
1963-Braulio BaezaChateaugay
24%
1971-Gustavo AvilaCanonero II
24%
1983-Eddie DelahoussayeSunny's Halo
24%
1991-Chris AntleyStrike the Gold
24%
1992-Pat DayLil E. Tee
24%
1994-Chris McCarronGo for Gin
24%
2001-Jorge F. ChavezMonarchos
24%
1884-Isaac MurphyBuchanan
20%
1879-Charlie ShauerLord Murphy
20%
1883-Billy DonohueLeonatus
20%
1887-Isaac LewisMontrose
20%
1889-Thomas KileySpokane
20%
1895-Soup PerkinsHalma
20%
Year-Jockey Horse % Correct
1896-Willie SimmsBen Brush
20%
1906-Roscoe TroxlerSir Huon
20%
1908-Arthur PickensStone Street
20%
1910-Frederick HerbertDonau
20%
1911-George ArchibaldMeridian
20%
1912-Carroll H. Schilling Worth
20%
1916-Johnny LoftusGeorge Smith
20%
1926-Albert JohnsonBubbling Over
20%
1938-Eddie ArcaroLawrin
20%
1945-Eddie ArcaroHoop Jr.
20%
1947-Eric GuerinJet Pilot
20%
1959-Bill ShoemakerTomy Lee
20%
1965-Bill ShoemakerLucky Debonair
20%
1967-Bobby UsseryProud Clarion
20%
1969-Bill HartackMajestic Prince
20%
1995-Gary StevensThunder Gulch
20%
1885-Erskine HendersonJoe Cotton
16%
1886-Paul DuffyBen Ali
16%
1888-George CovingtonMacbeth II
16%
1891-Isaac MurphyKingman
16%
1892-Alonzo ClaytonAzra
16%
1893-Eddie KunzeLookout
16%
1894-Frank GoodaleChant
16%
1898-Willie SimmsPlaudit
16%
1899-Fred TaralManuel
16%
1901-Jimmy WinkfieldHis Eminence
16%
1903-Hal BookerJudge Himes
16%
1904-Shorty PriorElwood
16%
1905-Jack MartinAgile
16%
1909-Vincent PowersWintergreen
16%
1917-Charles BorelOmar Khayyam
16%
1918-William KnappExterminator
16%
1921-Charles ThompsonBehave Yourself
16%
1927-Linus McAteeWhiskery
16%
1931-Charley KurtsingerTwenty Grand
16%
1933-Don MeadeBrokers Tip
16%
1934-Mack GarnerCavalcade
16%
1936-Ira HanfordBold Venture
16%
1942-Wayne D. WrightShut Out
16%
1950-William BolandMiddleground
16%
1966-Don BrumfieldKauai King
16%
1968-Ismael ValenzuelaForward Pass
16%
1897-Buttons GarnerTyphoonII
12%
1970-Mike ManganelloDust Commander
12%
1996-Jerry BaileyGrindstone
12%
1900-Jimmy BolandLieut. Gibson
8%

You're not logged in!

Compare scores with friends on all Sporcle quizzes.
Join for Free
OR
Log In

You Might Also Like...

Show Comments

Extras

Created Jun 7, 2015ReportFavoriteNominate
Tags:Kentucky Derby

Top Quizzes Today


Score Distribution

Your Account Isn't Verified!

In order to create a playlist on Sporcle, you need to verify the email address you used during registration. Go to your Sporcle Settings to finish the process.

Report this User

Report this user for behavior that violates our Community Guidelines.

Details: